000 01311nam a2200301Ia 4500
999 _c20032
_d20032
001 21217
003 DO-CoUTE
005 20260204212527.0
008 220102s9999 dr 000 0 spa d
040 _aDO-CoUTE
_bspa
_cDO-CoUTE
041 0 _aspa
090 _aM-OR 2021 G65
100 1 _aTiburcio Gómez, Juana
_esustentante
245 1 0 _aApoyo psicoafectivo y desarrollo emocional en el entorno virtual / Juana Tiburcio Gómez,Paola Vásquez Sánchez, Griselda Cruceta Gómez ; asesor Luis Manuel Cabrera
260 _aCotuí, República Dominicana :
_bUTECO,
_c2021
300 _axxvi, 67 hojas :
_c28cm.
502 _aMonográfico (Licenciatura en Orientación Escolar)--Universidad Tecnológica del Cibao Oriental, 2021
650 4 _aApoyo psicoafectivo y desarrollo emocional
700 1 _aBerliza Otañez, Magandy de los santos
_esustentante
700 1 _aBonifacio Reinoso Juana Mercedes
_esustentante
700 1 _aGuzman de la Cruz Altagracia
_esustentante
700 1 _aHernández Parra, Yamilez
_esustentante
700 1 _aRojas Cruceta,Robelina Stefany
_esustentante
700 1 _aRuiz López,Rosanny Damercy
_esustentante
700 1 _aManuel Cabrera, Luis
_easesor
830 0 _aTesis y disertaciones académicas (Universidad Tecnológica del Cibao Oriental)
942 _2LC
_cTH